| 000 | 01268nam a2200301 c 4500 | ||
|---|---|---|---|
| 003 | BLK | ||
| 005 | 20180420225040.0 | ||
| 008 | 180408b bul|||||r ||||||| ||bul|| | ||
| 010 | _aKNG00092215000 | ||
| 020 |
_a978-954-9382-52-5 _bиздат.: Ираник |
||
| 040 | _aBLK | ||
| 041 |
_aBUL _cBUL |
||
| 080 |
_aБългарска литература _b821.163.2 _x-194 _z821.163.2-194 |
||
| 100 | 1 |
_aПаскалева, Уляна _eпърви автор _9302782 |
|
| 139 |
_aПаскалева, Уляна _bП 25 |
||
| 245 | 1 | 0 |
_aЦветни камъчета под дъгата _bСб. стихотворения _cУляна Паскалева. |
| 257 | _aBGR | ||
| 260 |
_аБлагоевград _bИраник _c2009 _fБлагоевград : Бонпринт |
||
| 300 |
_a56 с. _bс цв. ил. _c21 см |
||
| 380 | _aX | ||
| 500 | _aОфс. изд. - Съдържа и за авт. ; Опит за ренга - съавторски творби / Уляна Паскалева, Илиана Илиева, Камелия Димитрова. | ||
| 653 | _aстихотворения | ||
| 852 | _aЦб 245838 | ||
| 856 | 4 |
_qpdf _u |
|
| 856 | 4 |
_qpdf _u |
|
| 942 |
_cKNG _n0 |
||
| 944 |
_aCR _c26.10.2009 _lф / _kВаля_Йорданова |
||
| 944 |
_aED _c01.12.2010 _lф / _k |
||
| 999 |
_c87572 _d87572 |
||